000 00499nam a22001577a 4500
003 OSt
005 20250127144444.0
008 250127b |||||||| |||| 00| 0 eng d
020 _a978575789-7
100 _aDafer,Timonthy
245 _aSocial sin and the church in Nigeria:
_bIn conversation with some liberation Theologians/
_cTimonthy Dafer and Benjamen Pokol
250 _abyTimonthy Dafer.
_bPokol Benjemen
260 _aJos : Plateau
_bSANIEZ BOOKS
_c2022
300 _bxiv,198p.
942 _2ddc
_n0
_cBK
999 _c9
_d9